Stranger Things - Who Said It? - Statistics

General Stats
  • This quiz has been taken 29 times
  • The average score is 10 of 15
Answer Stats
Hint Answer % Correct
"I didn't run away this time, right?" Eddie Munson
90%
"I dump your ass" Eleven
90%
"Ahoy, ladies. Would you like to set sail on this ocean of flavor with me?" Steve Harrington
90%
"Mornings are for coffee and contemplation." Jim Hopper
86%
"I didn't realize it was such an honor to go trick or treating with you" Max Mayfield
76%
"You're all so nerdy, it makes me physically ill" Erica Sinclair
71%
"I’m gonna die someday. But not today. I still got a date to make, remember?" Jim Hopper
71%
"Yeah, it's me don't cream your pants" Steve Harrington
71%
"Why are you keeping this curiosity door locked?" Dustin Henderson
67%
"If anyone asks where I am, I left the country" Mike Wheeler
67%
"Okay it's official i'm never having kids" Dustin Henderson
48%
"We ask for forgiveness, not permission." Nancy Wheeler
48%
"In the face of the world ending, the stakes of my love life feel spectacularly low." Robin Buckley
48%
"Everyone in Hawkins is scared shitless. Anyone who says they aren’t are full of it." Mike Wheeler
43%
"I'm also giving out free hugs" Murray Bauman
29%
No matching quizzes found
Score Distribution
Percent of People with Each Score
Percentile by Number Answered
Your Score History
You have not taken this quiz